000 00471nam a2200181Ia 4500
005 20250508155648.0
008 008 250505s9999 xx 000 0 eng d
037 _aTextual
040 _aFEDL
_beng
_cFEDL
041 _aeng
_2eng
084 _aB, KHA
_qFEDL
245 0 _aSir syed ahmad khan
245 0 _cNational Council of Educationa Research and Training
260 _c1969
300 _a29p.
942 _cTEXL
_hB, KHA
999 _c1358628
_d1358628